000 01203cam a2200373 i 4500
001 0000637
003 DO-SdBNP
005 20171108111335.0
007 0000637
008 100514s 2006 mx | 000 f spa
015 _a
017 _a
_b
020 _a9707707089
035 _a
040 _aBPMSU
_bspa
_cBPMSU
_e
080 _a
082 4 _a133.58951
_bK83d, 2007
100 1 _aKoppel, Mónica
245 1 0 _a2007 año del cerdo de fuego :
_bconoce qué te depara el porvenir y apóyate en la astrología china para lograr tus metas /
_cMónica Koppel, Bruno Koppel
246 1 0 _aDos mil siete año del cerdo de fuego
_bconoce qué te depara el porvenir y apóyate en la astrología china para lograr tus metas /
260 0 _aMéxico, D.F. :
_bAlamah,
_c2006.
300 _a255 p.:
_c22 cm
490 1 _aAlamah tradiciones de oriente
504 _aBibliografía p: 251-255
650 4 _aASTROLOGÍA CHINA
650 4 _aASTROLOGÍA
650 4 _aFENG SHUI
700 1 2 _aKoppel, Bruno
830 0 _aAlamah tradiciones de oriente
910 _aValidado. Control de calidad MFF
942 _2ddc
_cBK
945 _aInventariado, 2017/MFF
956 _aYLOCKWARD
_810
_cBPMSU
999 _c11252
_d11252